La revolución industrial: 1760-1830

Guardat en:
Dades bibliogràfiques
Autor principal: Ashton, Thomas Southcliffe (Autor)
Format: Llibre
Idioma:espanyol
Publicat: Ciudad de México Fondo de Cultura Económica 1959
Edició:3a. ed
Matèries:
Etiquetes: Afegir etiqueta
Sense etiquetes, Sigues el primer a etiquetar aquest registre!

MARC

LEADER 00000nam a2200000 a 4500
001 UCP7694
003 CL-VaPUC
008 991217e19590000MX |||||||||||||||||spa|d
082 0 4 |a 909.81  |b ASH  |2 21 
100 0 |a Ashton, Thomas Southcliffe  |e author  |9 437299 
245 1 3 |a La revolución industrial: 1760-1830 
250 |a 3a. ed 
300 |a 171 p 
942 |c BK 
945 |d 19991217 00:00:00  |a crobeson 
260 |a Ciudad de México  |b Fondo de Cultura Económica  |c 1959 
650 0 |a Revolución industrial  |9 309422 
650 0 |a Historia económica  |9 307218 
650 0 |a Condiciones económicas  |9 258255 
651 0 |a Gran Bretaña  |9 256767 
583 |a last modification  |c 19991217 00:00:00  |k Rodrigo Vera 
999 |c 284811  |d 284809 
952 |0 0  |1 0  |4 0  |6 909_810000000000000_ASH_1959  |7 0  |8 A  |9 329051  |a BIBHIS  |b BIBHIS  |d 2019-11-20  |i 1373838  |l 2  |o 909.81 ASH 1959  |p 1373838  |r 2025-01-20  |s 2022-04-22  |w 2019-11-20  |y BK  |k HIS